[Event "Manhem op"]
[Site "Manhem"]
[Date "1999.??.??"]
[Round "?"]
[White "Lahlum, Hans Olav"]
[Black "Olsson, Jonas"]
[Result "1-0"]
[WhiteElo "2218"]
[BlackElo "2238"]
[PlyCount "153"]
[EventDate "1999.??.??"]
[EventType "swiss"]
[EventRounds "7"]
[EventCountry "SWE"]
[SourceTitle "EXT 2002"]
[Source "ChessBase"]
[SourceDate "2001.11.25"]
[SourceVersion "1"]
[SourceVersionDate "2001.11.25"]
[SourceQuality "1"]

1. d4 d5 2. c4 c6 3. cxd5 cxd5 4. Nf3 Nf6 5. Nc3 Nc6 6. Bf4 a6 7. e3 Bg4 8. Bd3 e6 9. Qb3 Bxf3 10. gxf3 Ra7 11. 0-0 Nd7 12. Kh1 Qf6 13. Rg1 h6 14. Bg3 Qxf3+ 15. Rg2 h5 16. Bh4 f6 17. Ne2 g5 18. Ng1 Qxg2+ 19. Kxg2 gxh4 20. Nf3 Rg8+ 21. Kh1 f5 22. Nxh4 Be7 23. Ng2 Nf6 24. h3 Kd7 25. Nf4 Bd6 26. Ne2 Kc7 27. Rg1 Raa8 28. a3 Nh7 29. f4 Nf6 30. Qc2 Kd7 31. Nc3 Ke7 32. Na4 Nd7 33. Qd1 Rxg1+ 34. Qxg1 Kf7 35. b4 b5 36. Nc5 Bxc5 37. dxc5 Nf6 38. Qe1 Rb8 39. Kg2 Ke7 40. Kf3 Kf7 41. Qc3 Ke7 42. Bc2 Kf7 43. Ke2 Ne4 44. Bxe4 dxe4 45. Qe1 Kg6 46. Qh4 Rh8 47. Kd2 Kf7 48. Kc2 Kg6 49. Kb3 Kf7 50. a4 Kg6 51. Qg5+ Kf7 52. h4 Ne7 53. Qg1 Rd8 54. axb5 axb5 55. Qa1 Rd3+ 56. Kb2 Nc6 57. Qa6 Nxb4 58. Qxb5 Nd5 59. Qb7+ Kf6 60. c6 Nxe3 61. c7 Nc4+ 62. Kc2 Nd6 63. Qb8 Kf7 64. c8Q Nxc8 65. Qxc8 Rf3 66. Qd7+ Kf6 67. Qd8+ Kf7 68. Qg5 Rf2+ 69. Kd1 e3 70. Qxh5+ Ke7 71. Qg5+ Kd6 72. Qg3 Rd2+ 73. Ke1 Rd3 74. Ke2 Rb3 75. Qg8 Kd5 76. Qg7 Ke4 77. Qe5# 1-0

[Event "Manhem op"]
[Site "Manhem"]
[Date "1999.??.??"]
[Round "?"]
[White "Olsson, Jonas"]
[Black "Ziegler, Ari"]
[Result "0-1"]
[WhiteElo "2238"]
[BlackElo "2402"]
[PlyCount "82"]
[EventDate "1999.??.??"]
[EventType "swiss"]
[EventRounds "7"]
[EventCountry "SWE"]
[SourceTitle "EXT 2002"]
[Source "ChessBase"]
[SourceDate "2001.11.25"]
[SourceVersion "1"]
[SourceVersionDate "2001.11.25"]
[SourceQuality "1"]

1. e4 g6 2. d4 Bg7 3. Nc3 d6 4. Be3 a6 5. Qd2 Nd7 6. a4 b6 7. Bc4 e6 8. Nge2 Bb7 9. f3 Ngf6 10. b4 d5 11. exd5 exd5 12. Bb3 0-0 13. 0-0 Re8 14. b5 Nf8 15. Nf4 Ne6 16. Nxe6 fxe6 17. Ne2 Qd7 18. Qd3 c6 19. bxc6 Bxc6 20. Bf4 b5 21. a5 b4 22. Qd2 Bb5 23. Rfe1 Nh5 24. Be5 Bxe5 25. dxe5 Bxe2 26. Rxe2 Qa7+ 27. Kh1 Qc5 28. g4 Ng7 29. Re3 Rab8 30. Rd3 Rec8 31. h4 Rf8 32. h5 gxh5 33. gxh5 Rf5 34. h6 Rh5+ 35. Kg2 Qe7 36. Rg1 Rg5+ 37. Kf1 Rxg1+ 38. Kxg1 Nf5 39. Qf4 Kh8 40. Bxd5 Rg8+ 41. Kf1 Qa7 0-1